| 000 | 00493nam a2200181Ia 4500 | ||
|---|---|---|---|
| 001 | 24770 | ||
| 005 | 20260414151105.0 | ||
| 008 | 260414t2015||||xx |||||||||||||| ||spa|| | ||
| 041 | _aESP | ||
| 082 |
_a345.733 _bJ89 |
||
| 110 | _aJunta de Decanos de los Colegios de Notarios del Perú | ||
| 245 | 0 |
_aDecreto legislativo del notariado : _bdecreto legislativo Nº 1049 |
|
| 260 | _c2015 | ||
| 300 |
_a68 páginas : _c23 cm. |
||
| 650 | _aDER | ||
| 654 | _aCDE | ||
| 942 |
_cLIB _dJUS _fJUS _2ddc _n |
||
| 999 |
_c24770 _d24770 |
||